JDBC ovládač pre súborový systém

Gespeichert in:
Bibliographische Detailangaben
1. Verfasser: Haľama, Matúš Ján (Verfasst von)
Weitere Verfasser: Szabó, Gabriel (Betreuung Doktorarbeit)
Format: Manuskript Buch
Sprache:Slowakisch
Veröffentlicht: 2023
Schlagworte:
Online-Zugang:http://is.stuba.sk/zp/portal_zp.pl?podrobnosti=154951
Tags: Tag hinzufügen
Keine Tags, Fügen Sie das erste Tag hinzu!

MARC

LEADER 00000ntm a22000003a 4500
001 stuzp92423
003 SK-STU
005 20230909213121.1
007 ta
008 150427s2015----xo-----f-mn---000-0-slo-d
040 |a STU  |b slo 
041 0 |a slo 
100 1 |a Haľama, Matúš Ján  |u 070400  |4 aut  |U FIIT Fakulta informatiky a informačných technológií  |T FIIT Ústav počítačového inžinierstva a aplikovanej informatiky  |X 102929  |U I400  |Y 672  |7 102929 
242 0 1 |a JDBC driver for the file system  |y eng 
245 1 0 |a JDBC ovládač pre súborový systém 
260 |c 2023 
650 4 |a Databáza  |2 slo 
650 4 |a JDBC ovládač  |2 slo 
650 4 |a Ľudsky čitatelný formát  |2 slo 
650 4 |a JDBC  |2 slo 
650 4 |a JDBC  |2 eng 
650 4 |a Human readable format  |2 eng 
650 4 |a Database  |2 eng 
650 4 |a JDBC driver  |2 eng 
700 1 |a Szabó, Gabriel  |4 ths  |X 22280  |7 A000022280 
856 4 |u http://is.stuba.sk/zp/portal_zp.pl?podrobnosti=154951